Kuuba-visa - Statistics

Yleistilastot
  • Tätä visaa on pelattu 412 kertaa
  • Keskiarvotulos 12 / 22
Vastaustilastot
Vihje Vastaus % Oikein
Virallinen kieli Espanja
96%
Pääkaupunki Havanna
96%
Meri, jossa Kuuba sijaitsee Karibianmeri
93%
Valuutta Peso
84%
Lahti, jossa Yhdysvallat epäonnistui nousemaan maihin syöstäkseen yllä olevan vallasta Sikojenlahti
75%
Argentiinassa syntynyt marxilainen vallankumouksellinen Che Guevara
74%
Kuuban vallankumouksen johtaja Fidel Castro
72%
Enimmäkseen Kuubassa elävä maailman pienin lintu Kimalaiskolibri
71%
Kuuban tunnetuin vientituote Sikarit
71%
Merenlahti, jossa Kuuba sijaitsee Meksikonlahti
66%
Suosituin urheilulaji Baseball
64%
Vallassa oleva puolue Kuuban kommunistinen puolue
64%
Vuoden 1962 kriisi Kuuban {ohjuskriisi}
61%
Kaupunki, jonka lähellä sijaitsee Yhdysvaltain laivastotukikohta Guantánamo
50%
Kuuba kuuluu tähän saariryhmään Isot Antillit
49%
Cocktail, joka tehdään rommista, limetistä ja mintusta Mojito
42%
Toiseksi suurin kaupunki Santiago de Cuba
24%
Metalli, joka on tärkeä vientituote Nikkeli
20%
Vuonna 1959 syrjäytetty diktaattori Fulgencio Batista
16%
Erityshallintoalueen muodostava saari noin 50 kilometriä pääsaarelta etelään Isla de la {Juventud}
13%
Kuubassa 1930- ja 1940-luvuilla kehittynyt tanssityyli Mambo
11%
Lähinnä maanviljelyä harjoittanut alkuperäisasukasryhmä, joka asutti suurta osaa Kuubasta ennen eurooppalaisten saapumista Tainot
8%
Ehtoja vastaavia visoja ei löytynyt
Tulosjakauma
Jokaisen tuloksen saaneiden osuus
Persentiili vastausten määrän mukaan
Tuloshistoriasi
Et ole pelannut tätä visaa